Guess the mystery 1D song - Statistics

General Stats
  • This quiz has been taken 49 times
  • The average score is 228 of 324
Answer Stats
Answer % Correct
I
100%
a
98%
A
98%
you
98%
and
90%
And
90%
the
90%
We
88%
we
88%
when
88%
When
88%
love
86%
do
83%
me
83%
to
81%
To
81%
where
81%
in
79%
can
76%
were
76%
be
74%
for
74%
My
74%
is
71%
like
71%
your
71%
have
69%
heart
69%
All
67%
all
67%
know
67%
loved
67%
so
67%
So
67%
got
64%
that
64%
them
64%
before
62%
from
62%
say
62%
thing
62%
wanna
62%
want
62%
18
60%
Are
60%
are
60%
feel
60%
it
60%
long
60%
Long
60%
made
60%
since
60%
these
60%
way
60%
both
57%
hands
57%
one
57%
same
57%
took
57%
holding
55%
kiss
55%
Kiss
55%
see
55%
use
55%
will
55%
arms
52%
Baby
52%
Believe
52%
down
52%
lay
52%
playground
52%
thought
52%
chance
50%
cheeks
50%
soul
50%
start
50%
night
48%
tried
48%
fine
45%
God
45%
motion
45%
oh
45%
Oh
45%
open
45%
pressed
45%
knows
43%
slow
43%
alone
38%
along
38%
Living
38%
drink
36%
everything
36%
false
36%
knew
36%
lets
36%
pour
36%
wide
36%
we'd
33%
we'll
33%
Yet
31%
split
26%
whoa
24%
Lord
19%
Amd
2%
dpm't
0%
No matching quizzes found
Score Distribution
Percent of People with Each Score
Percentile by Number Answered
Your Score History
You have not taken this quiz